Responses for Show #8989 - Thursday, December 7, 2023

2023 Champions Wildcard Hearts quarterfinal game 7.

Contestants

[<< previous game]

Robin Lozano, a technology chief of staff from Shavertown, Pennsylvania

Yungsheng Wang, a deputy public defender originally from Lafayette, Louisiana

Scott Shewfelt, a writer originally from Tavistock, Ontario, Canada

[next game >>]

Jeopardy! Round responses

OKLAHOMA!
SUPER BOWL STARS
FIRE PLACE
ON THE "T"ABLE
4 YOUR CONSIDERATION
A DONUT SHOP DICTIONARY
(Ken: All responses will be words that also describe items you might see in a donut shop.)
    $200 26
a Sooner

Scott
    $200 28
Mahomes

Robin
    $200 14
Paris

Yungsheng 永勝
    $200 13
a tureen

Robin
    $200 29
bass

Robin
    $200 30
glazed

Robin
    $400 25
wheat

Robin
    $400 27
(Scott: What is D-lineman?)

linebacker

Scott
Triple Stumper
    $400 22
Chicago

Scott
    $400 4
a truffle

Scott
    $400 16
winter

Robin
    $400 9
(Yungsheng 永勝: What is a... frosting?)
(Robin: What is a glazed?)

a sprinkle

Yungsheng 永勝Robin
Triple Stumper
    $600 21
(Scott: What is Osage?)
...
(Ken: I think Scott got fooled by Martin Scorsese there, but it's the [*] that are in Tahlequah.)

Cherokee

Scott
Triple Stumper
    $600 1
Jerry Rice

Yungsheng 永勝
    $600 15
Madame Tussaud's

Scott
    $600 11
Tabasco

Robin
    $600 17
ZIP Codes

Robin
    $600 10
(Scott: What is crumbs?)

jelly

Scott
Triple Stumper
    $800 20
Will Rogers

Robin
    $800 5
rushing

Yungsheng 永勝
    $1,000 3
Alexandria

Robin
    $800 12
a tankard

Robin
    $800 18
(Ken: Yeah, [**], getting taken to the home world, baby.)

getting captured by them (abduction)

Yungsheng 永勝
    $800 23
old-fashioned

Yungsheng 永勝
    $1000 2
Norman

Robin
    $1000 8
(Ken: Yes, too soon.)

Russell Wilson

Scott
    $1000 7
Milan

Scott
    $1000 6
a tagine

Yungsheng 永勝
    $1000 19
(Robin: What are gamma?)

theta waves

Robin
Triple Stumper
    $1000 24
Twist

Yungsheng 永勝

Scores at the first commercial break (after clue 15):

Scott Yungsheng 永勝 Robin
$2,400 $2,200 $3,200

Scores at the end of the Jeopardy! Round:

Scott Yungsheng 永勝 Robin
$2,000 $4,800 $5,000

Double Jeopardy! Round responses

GREEK ALPHABET PUZZLERS
AMPHIBIANS
DURING LOU GEHRIG'S CONSECUTIVE GAME STREAK
LABOR UNIONS
IT'S RAINING MENSA
STAR WARS BEFORE & AFTER
    $400 24
(Yungsheng 永勝: What is American pi?)

apple pi

Yungsheng 永勝Robin
    $400 17
glucose

Robin
    $400 30
(Yungsheng 永勝: Who is... Warren G. Harding?)
(Ken: No.)
([Yungsheng 永勝 flails in disgust] Oh.)
...
(Ken: Gehrig outlasted [*].)

Hoover

ScottYungsheng 永勝
    $400 18
(Yungsheng 永勝: What is a reporter?)

sailors

Yungsheng 永勝
Triple Stumper
    $400 19
Modern Family

Scott
    $400 23
the Black Death Star

Yungsheng 永勝
    $800 25
a nu pair of shoes

Yungsheng 永勝
    $800 5
(Ken: Yeah, they got both.)

gills

Yungsheng 永勝
    $800 29
LSD

Robin
    $800 8
university professors

Triple Stumper
    $800 20
Schwarzkopf

Scott
    $800 1
Kylo Ren & Stimpy

Scott
    $1200 26
a hi-phi

Yungsheng 永勝
    $3,000 7
(Ken: Robin?)
(Robin: What is a...)

a goliath frog

Robin
    $1200 11
Pluto

Yungsheng 永勝
    $1200 9
AFTRA

Yungsheng 永勝
    $1200 13
Isaac Asimov

Yungsheng 永勝
    $1200 2
"Maggie May" the force be with you

Triple Stumper
    $1600 27
Delta Dawn

Yungsheng 永勝
    $1600 6
scales

Robin
    $1600 10
(Huey) Long

Scott
    $1600 12
(Ken: Screws or prison guards, these are [*].)

correctional officers

Triple Stumper
    $1600 14
Fuller

Robin
    $1600 3
the Pacific Princess Leia

Triple Stumper
    $2000 28
a psi-clone

Triple Stumper
    $2000 21
(Robin: What is pup?)

an eft

Robin
Triple Stumper
    $6,400 16
Al Capone

Scott
    $2000 22
(Robin: What are truck drivers?)

postal employees

Robin
Triple Stumper
    $2000 15
The Saint

Scott
    $2000 4
The Bell Jar Jar Binks

Robin

Scores at the end of the Double Jeopardy! Round:

Scott Yungsheng 永勝 Robin
$14,400 $12,000 $4,800

[wagering suggestions for these scores]

Final Jeopardy! Round responses

LANGUAGES
(Ken: [To Yungsheng 永勝] Yes, during the silent era, film was an international language, like [*].)
RobinWhat is English?
$4,800
Yungsheng 永勝What is Esperanto?
$11,000
ScottWhat is French?
$10,000
Esperanto

Final scores:

Scott Yungsheng 永勝 Robin
$4,400 $23,000 $0
2nd place: $5,000 Winner: semifinalist 3rd place: $5,000

Game dynamics:

Coryat scores:

Scott Yungsheng 永勝 Robin
$10,000 $12,000 $7,600
13 R
(including 1 DD),
3 W
15 R,
4 W
18 R
(including 1 DD),
5 W
(including 1 DD)

Combined Coryat: $29,600

[game clues] [game scores] [suggest correction]

Game tape date: 2023-11-07
The J! Archive is created by fans, for fans. Scraping, republication, monetization, and malicious use prohibited; this site may use cookies and collect identifying information. See terms. The Jeopardy! game show and all elements thereof, including but not limited to copyright and trademark thereto, are the property of Jeopardy Productions, Inc. and are protected under law. This website is not affiliated with, sponsored by, or operated by Jeopardy Productions, Inc. Join the discussion at JBoard.tv.